| 000 | 00778cam a2200241 a 4500 | ||
|---|---|---|---|
| 008 | |||
| 020 | _a9788176467933 (hbk.) | ||
| 049 | _aMAIN | ||
| 090 |
_aTD789.I42 _bMOH |
||
| 100 | 0 | _aSalahuddin Mohd. | |
| 245 | 1 | 0 |
_aWaste management in an urban area / _cSalahuddin Mohd. |
| 260 |
_aDelhi : _bB.R. Pub. Corp., _c2011. |
||
| 300 |
_axlix, 261 p. : _bill. ; _c22 cm. |
||
| 504 | _aIncludes bibliographical references. | ||
| 650 | 0 |
_aRefuse and refuse disposal _zIndia _zAligarh. |
|
| 650 | 0 |
_aFactory and trade waste _zIndia _zAligarh. |
|
| 650 | 0 |
_aUrban ecology (Sociology) _zIndia _zAligarh. |
|
| 907 |
_a.b10381193 _b18-07-17 _c18-07-17 |
||
| 003 | |||
| 005 | 20230123122250.0 | ||
| 040 | _cNUST | ||
| 942 |
_cBOOKS _kTD789.I42 _mMOH |
||
| 999 |
_c130670 _d130670 |
||